000 00225nam a22001097a 4500
040 _cHS
082 _a636
100 _aR.D. FRANDSON
245 _aAnatomy and physiology
260 _aColorado
_bR.D.FRANDSON
_c1974
942 _cEK
999 _c8760
_d8760